| 000 | 00973nam a22003257a 4500 | ||
|---|---|---|---|
| 003 | CHAP | ||
| 005 | 20220329135536.0 | ||
| 008 | 971013s1969 r 00010 d | ||
| 010 | _a38249 | ||
| 011 | _a39221 | ||
| 035 | _a43341 | ||
| 040 | _cCHAP | ||
| 082 |
_a332.414 _bP3 |
||
| 100 | 0 | 0 |
_aPazos, Felipe. _986383 |
| 245 | _aMedidas para detener la inflación crónica en América Latina | ||
| 260 |
_aMéxico : _bC.E.M.L.A., _c1969 |
||
| 300 | _a222 p. | ||
| 490 | _aEstudios | ||
| 590 |
_aBATCH-UPD _b10 _c20130110 _lUCH01 _h1656 |
||
| 590 |
_aBATCH-UPD _b10 _c20130410 _lUCH01 _h1045 |
||
| 590 |
_aBATCH-UPD _b10 _c20130914 _lUCH01 _h0929 |
||
| 590 |
_aCONVERSION _b10 _c20130109 _lUCH01 _h1321 |
||
| 650 | 1 | 4 |
_aInflación. _958064 |
| 650 | 1 | 4 |
_aPolítica económica _zAmérica Latina. _990532 |
| 710 | 0 |
_aCEMLA. _920939 |
|
| 830 | 0 |
_aEstudios _938514 |
|
| 901 | _aBK | ||
| 942 | _cLIBRO | ||
| 949 |
_a332.414 P3 _bBC _cLIBRO _d33724000345450 _eLIBRO _h40789 _i43341 _mD _si |
||
| 999 |
_c38249 _d38249 |
||